Govt. of
Madhya Pradesh

A Handbook Schemes For Technical And Management Education (Record no. 15806)

MARC details
000 -LEADER
fixed length control field 005180000a22001930004500
001 - CONTROL NUMBER
control field 003913
003 - CONTROL NUMBER IDENTIFIER
control field MACL
005 - DATE AND TIME OF LATEST TRANSACTION
control field 20150812121320.0
008 - FIXED-LENGTH DATA ELEMENTS--GENERAL INFORMATION
fixed length control field 150812b xxu||||| |||| 00| 0 eng d
040 ## - CATALOGING SOURCE
Original cataloging agency MACL
Transcribing agency MACL
041 ## - LANGUAGE CODE
Language code of text/sound track or separate title English
082 ## - DEWEY DECIMAL CLASSIFICATION NUMBER
Classification number 370.113/SHA
100 ## - MAIN ENTRY--PERSONAL NAME
Personal name Sharma, Sita Ram
9 (RLIN) 1925
245 ## - TITLE STATEMENT
Title A Handbook Schemes For Technical And Management Education
Statement of responsibility, etc. Sita Ram Sharma
260 ## - PUBLICATION, DISTRIBUTION, ETC. (IMPRINT)
Place of publication, distribution, etc. Delhi
Date of publication, distribution, etc. 1998
Name of publisher, distributor, etc. Mangal Deep Publications,
350 ## - PRICE (NR) (BK AM CF MU VM SE) [OBSOLETE]
Price 375
650 ## - SUBJECT ADDED ENTRY--TOPICAL TERM
Topical term or geographic name as entry element Education
9 (RLIN) 4888
942 ## - ADDED ENTRY ELEMENTS (KOHA)
Call number prefix 370
Koha item type Books
Source of classification or shelving scheme
Holdings
Withdrawn status Lost status Source of classification or shelving scheme Damaged status Not for loan Home library Current library Date acquired Cost, normal purchase price Total Checkouts Full call number Barcode Date last seen Uniform Resource Identifier Price effective from Koha item type
          MACL MACL 15/04/2015 375.00   370.113/SHA CRE013615 02/05/2024 15708 15/04/2015 Books